000 01394nam0a22003011 4500
001 rc\3529722
005 20130115143754.8
021 _aRU
_bП2001-74
035 _a(NLR Aleph) 007627712
090 _a5989548
_c5989548
100 _a20130115d1974 |||y0rusy50 ca
101 0 _arus
102 _aRU
105 _ay z |||||
200 1 _aМетоды оптимизации управления планированием больших систем энергетики
_e(Оптимизация развития и функционирования)
_fГос. ком. Совета Министров СССР по науке и технике. АН СССР. ВИНИТИ
210 _aМосква
_cБ. и.
_d1974
215 _a207 с.
_d22
225 1 _aИтоги науки и техники
_iСерия: Электрические станции, сети и системы
_vТ. 7
300 _aНа доп. тит. л.: Итоги науки и техники. Серия: Электр. станции, сети и системы
300 _aНа обл. только загл. серии
320 _aБиблиогр.: с. 180-206
700 1 _aВеников
_bВ. А.
_f1912-
_gВалентин Андреевич
701 1 _aИдельчик
_bВ. И.
801 0 _aRU
_bNLR
_gpsbo
801 1 _aRU
_bELAR
_2rusmarc
852 _aNLR
_jП10/5021
942 _cBOOK
980 _aNB